| Tag |
First Indicator |
Second Indicator |
Subfields |
| LEADER |
00000cam a2200000Ia 4500 |
| 001 |
in00000002366 |
| 007 |
he bmb024bbca |
| 008 |
990202s1996 dcua bb f000 0 eng d |
| 005 |
20230309222528.8 |
| 019 |
|
|
|a 40718948
|
| 035 |
|
|
|a (OCoLC)ocm38137082
|
| 035 |
|
|
|9 AJF4788AM
|
| 035 |
|
|
|a in00000002366
|
| 037 |
|
|
|a 065-000-00967-6
|b GPO
|f paper copy
|
| 040 |
|
|
|a NJL
|c NJL
|d GPO
|d MvI
|d UtOrBLW
|
| 043 |
|
|
|a n-us---
|
| 049 |
|
|
|a UMIC
|
| 049 |
|
|
|a WWW
|
| 074 |
|
|
|a 0461-D-05 (online)
|
| 086 |
0 |
|
|a ED 1.302:SCH 6/33
|z ED 1.302:SCH 6/23
|
| 090 |
|
|
|a LB2832.2
|b .M85 1996
|
| 100 |
1 |
|
|a Mullens, John E.
|
| 245 |
1 |
4 |
|a The schools and staffing survey :
|b recommendations for the future /
|c John E. Mullens, Daniel Kasprzyk.
|
| 264 |
|
1 |
|a Washington, DC :
|b U.S. Dept. of Education, Office of Educational Research and Improvement,
|c [1996]
|
| 300 |
|
|
|a v, 242 pages :
|b illustrations ;
|c 28 cm.
|
| 336 |
|
|
|a text
|b txt
|2 rdacontent
|
| 337 |
|
|
|a microform
|b h
|2 rdamedia
|
| 338 |
|
|
|a microfiche
|b he
|2 rdacarrier
|
| 490 |
1 |
|
|a National Center for Education Statistics conference proceedings
|
| 500 |
|
|
|a Paper version no longer available for sale by the Supt. of Docs., U.S. G.P.O.
|
| 500 |
|
|
|a "December 1996."
|
| 500 |
|
|
|a "NCES 97-596."
|
| 500 |
|
|
|a Shipping list number: 98-0833-M.
|
| 504 |
|
|
|a Includes bibliographical references.
|
| 533 |
|
|
|a Microfiche.
|b [Washington, D.C.] :
|c ERIC,
|d [1997?].
|e 3 microfiches : negative.
|
| 530 |
|
|
|a Also available via Internet from the NCES web site. Address as of 2/13/06: http://nces.ed.gov/pubs/97596.pdf; current access is available via PURL.
|
| 500 |
|
|
|a Microform.
|
| 650 |
|
0 |
|a Teachers
|z United States.
|
| 650 |
|
0 |
|a School administrators
|z United States.
|
| 650 |
|
0 |
|a Teachers
|x Supply and demand
|z United States
|x Statistical services.
|
| 650 |
|
0 |
|a Educational surveys
|z United States.
|
| 650 |
|
0 |
|a Education
|z United States
|x Statistical services.
|
| 776 |
1 |
|
|c Original
|w (OCoLC)36506129
|
| 700 |
1 |
|
|a Kasprzyk, Daniel.
|
| 710 |
1 |
|
|a United States.
|b Office of Educational Research and Improvement.
|
| 710 |
2 |
|
|a National Center for Education Statistics.
|
| 830 |
|
0 |
|a Conference report (National Center for Education Statistics)
|
| 856 |
4 |
1 |
|u https://purl.fdlp.gov/GPO/LPS2317
|t 0
|
| 999 |
|
|
|a MARS
|
| 999 |
f |
f |
|i 9004c92c-9888-3b75-8f01-04f5a828da13
|s 7898c7a8-4883-328b-8929-5dd56dcfa669
|t 0
|
| 952 |
f |
f |
|p normal
|a Texas A&M University
|b College Station
|c Sterling C. Evans Library
|d Evans: US Documents Microfiche (3rd floor)
|t 0
|e ED 1.302:SCH 6/33
|h Superintendent of Documents classification
|i microform -- microfiche
|m A14835834782
|
| 952 |
f |
f |
|a Texas A&M University
|b College Station
|c Electronic Resources
|d Available Online
|t 0
|e ED 1.302:SCH 6/23
|h Superintendent of Documents classification
|
| 998 |
f |
f |
|a ED 1.302:SCH 6/33
|t 0
|l Evans: US Documents Microfiche (3rd floor)
|
| 998 |
f |
f |
|a ED 1.302:SCH 6/23
|t 0
|l Available Online
|